Euro 2004 Teams - Statistics

General Stats
  • This quiz has been taken 78 times
  • The average score is 15 of 16
Answer Stats
National Teams % Correct
Greece
99%
France
97%
Portugal
97%
Spain
97%
England
96%
Italy
96%
Croatia
94%
Germany
94%
Netherlands
94%
Denmark
93%
Czechia
92%
Russia
92%
Sweden
90%
Switzerland
89%
Bulgaria
86%
Latvia
78%
No matching quizzes found
Score Distribution
Percent of People with Each Score
Percentile by Number Answered
Your Score History
You have not taken this quiz